|
|
|
|
| LEADER |
00000cam a2200000 7i4500 |
| 001 |
0000091802 |
| 005 |
20230706091937.0 |
| 008 |
|
| 020 |
|
|
|a 9789834242640 (
|q (paperback))
|
| 040 |
|
|
|e rda
|
| 041 |
|
|
|a Malay
|
| 090 |
0 |
0 |
|a 899.2308
|b ISP
|
| 100 |
1 |
|
|a Ispaini Salim ,
|e (author)
|
| 245 |
1 |
0 |
|a Antologi cerpen & sajak dendang dunia
|c Ispaini Salim
|
| 264 |
|
1 |
|a Malaysia :
|b VS Media Sdn Bhd
|c 2007
|
| 300 |
|
|
|a 98 pages ;
|c 21.5 cm.
|
| 336 |
|
|
|a text
|2 rdacontent
|
| 337 |
|
|
|a unmediated
|2 rdamedia
|
| 338 |
|
|
|a volume
|2 rdacarrier
|
| 541 |
|
|
|c Donation
|
| 650 |
|
0 |
|a Malay poetry
|
| 650 |
|
0 |
|a Short stories, Malay
|
| 700 |
1 |
|
|a Mohd Darwis Jasmin ,
|e (author)
|
| 700 |
1 |
|
|a Teo Wei Sing ,
|e (author)
|
| 730 |
0 |
|
|a Title
|
| 999 |
|
|
|a 0001728900
|b Book
|c Adult Collection
|e Perbadanan Perpustakaan Awam Johor
|